ბათუმის შოთა რუსთაველის სახელმწიფო უნივერსიტეტის ბიბლიოთეკა

განათლების ახალი სავანე. (ბიბ.ჩანაწერი № 44633)

000 -LEADER
fixed length control field 00728nam a2200217Ia 4500
001 - CONTROL NUMBER
control field 11436
003 - CONTROL NUMBER IDENTIFIER
control field GE_BSU
008 - FIXED-LENGTH DATA ELEMENTS--GENERAL INFORMATION
fixed length control field 181216s||||||||xx |||||||||||||| ||und||
040 ## - CATALOGING SOURCE
Transcribing agency GE_BSU
080 ## - UNIVERSAL DECIMAL CLASSIFICATION NUMBER
Universal Decimal Classification number 371.378(479.223)
100 ## - MAIN ENTRY--PERSONAL NAME
Personal name ჯაბნიძე,რეზო.
245 ## - TITLE STATEMENT
Title განათლების ახალი სავანე.
245 ## - TITLE STATEMENT
Statement of responsibility, etc. რედ:ჯემალ ხოფერია;მხატვ:გურამ გუჯაბიძე.
260 ## - PUBLICATION, DISTRIBUTION, ETC.
Place of publication, distribution, etc. ბათუმი.
260 ## - PUBLICATION, DISTRIBUTION, ETC.
Name of publisher, distributor, etc. გამ-ბა აჭარა.
260 ## - PUBLICATION, DISTRIBUTION, ETC.
Date of publication, distribution, etc. 2000.
300 ## - PHYSICAL DESCRIPTION
Extent 351გვ;20სმ.
300 ## - PHYSICAL DESCRIPTION
Accompanying material ილ.
653 ## - INDEX TERM--UNCONTROLLED
Uncontrolled term განათლების ახალი სავანე.
942 ## - ADDED ENTRY ELEMENTS (KOHA)
Koha item type წიგნი
ეგზემპლარები
Withdrawn status Lost status Damaged status Not for loan Date acquired Barcode Date last seen Price effective from Koha item type
        2018-12-17 20286 2018-12-17 2018-12-17 წიგნი
        2018-12-17 20285 2018-12-17 2018-12-17 წიგნი
        2018-12-17 20284 2018-12-17 2018-12-17 წიგნი
        2018-12-17 20283 2018-12-17 2018-12-17 წიგნი
        2018-12-17 20282 2018-12-17 2018-12-17 წიგნი